00973 a2200193 4500003000500000005001700005010001600022020002900038040000900067082001200076100002100088245007600109260003800185300002700223505038200250651005100632651004700683651004900730Nust20230213124829.0 a 75000963 a0679505636 :a0679302875 cNust00a973,SHA1 aSharkansky, Ira.14aThe United States :ba study of a developing country /cIra Sharkansky. aNew York :bD. McKay Co.,c[1975] axiii, 187 p. ;c22 cm. aWhy we Should View the United States as a Developing Country (Page-1), How Developed is the United States (Page-19), Less-Developed States and Countries (Page-38), Less-Developed Urban Sectors (Page-71), Racial Dualism (Page-98), Economic Growth Threat to Society or Engine of Social Progress (Page-131), Why Should we View the United States as a Developing Country (Page-162). 0aUnited StatesxEconomic conditionsy1971-1981. 0aUnited StatesxEconomic policyy1971-1981. 0aUnited StatesxSocial conditionsy1960-1980.